Zničenie král'ovstva uhorského

Titel: Zničenie král'ovstva uhorského = Epistola de perdicione regni Hungarorum / Juraj Sriemsky ; z latinského originálu preložili Anabela Katreničová, Katarína Karabová
Verfasser:
Beteiligt: ;
Ausgabe: Prvé vydanie
Veröffentlicht: Bratislava : Perfekt, 2024
Umfang: 654 Seiten
Format: Buch
Sprache: Slowakisch
Schlagworte:
ISBN: 9788082260956
Buchumschlag
X
alg: 52505271
001A    $03004:06-01-25 
001B    $01999:25-03-25 $t20:13:33.000 
001D    $03004:22-01-25 
001U    $0utf8 
001X    $00 
002@    $0Aau 
002C    $aText $btxt $2rdacontent 
002D    $aohne Hilfsmittel zu benutzen $bn $2rdamedia 
002E    $aBand $bnc $2rdacarrier 
003@    $0525052712 
004A    $A978-80-8226-095-6 
007A    $0525052712 $aHEB 
007G    $0DE02065B4B31953C83569C1258C230038D7D7 
009P    $qapplication/pdf $A2 $3Inhaltsverzeichnis $uhttp://scans.hebis.de/HEBCGI/show.pl?52505271_toc.pdf $mV:DE-603;B:DE-Mb50 
010@    $aslo 
010E    $erda 
011@    $a2024 
021A    $aZničenie král'ovstva uhorského $fEpistola de perdicione regni Hungarorum $hJuraj Sriemsky ; z latinského originálu preložili Anabela Katreničová, Katarína Karabová 
028A    $BVerfasser $#Georgius  $#Georgius  $#Đurad, Sremac $#Đorđe, Sremac $#Sriemsky, Juraj $#Sremac, Đurađ $#Srijemac, Juraj $#Sremac, Đorđe $#Sirmiensis, Georgius $#Sirimiensis, Georgius $4aut $7104222980 $8Szerémi, György$Z1490-1548 [Tp1] $9139497935 
028C    $BÜbersetzer $4trl $71137403233 $8Katreničová, Anabela [Tp3] $9415247551 
028C    $BÜbersetzer $4trl $71080218076 $8Karabová, Katarína$Z1978- [Tp3] $9367730707 
032@    $aPrvé vydanie 
033A    $pBratislava $nPerfekt 
034D    $a654 Seiten 
037A    $aLiteraturangaben 
044K    $#Georgius  $#Georgius  $#Đurad, Sremac $#Đorđe, Sremac $#Sriemsky, Juraj $#Sremac, Đurađ $#Srijemac, Juraj $#Sremac, Đorđe $#Sirmiensis, Georgius $#Sirimiensis, Georgius $7104222980 $8Szerémi, György$Z1490-1548 [Tp1] $9139497935 
044K    $RÖsterreich-Ungarn $#Ungarn $#Ungarn $#Ungarische Räterepublik $#Königreich Ungarn $#Die @Länder der ungarischen Krone $#Transleithanien $#Magyarország $#Magyar Köztársaság $#Magyar Tanácsköztársaság $#Government of the Hungarian Republic $#Zemalja Ugarske Krune $#VNR $#Ungern $#Ungarische Republik $#Republik Ungarn $#Ungarische Volksrepublik $#Volksrepublik Ungarn $#Magyar Népköztársaság $#Hungary $#Hungarian Republic $#Hongrie $#Vengerskaja Narodnaja Respublika $#Hungarian People's Republic $#HPR Hungarian People's Republic $#République Populaire Hongroise $#Ungarische VR $#Republic of Hungary $#Vengrija $74078541-5 $8Ungarn [Tgz] $9085222712 
044K    $RSchrifttum $RGeschichtswissenschaft $#Historiography $#Historiographie $#Storiografia $#Historiografía $#Historiography $#Geschichtsschreibung $#Geschichtsschreibung $#Historiographie $#Historiografie $#Historisierung Geschichtsschreibung $74020531-9 $8Geschichtsschreibung [Ts1] $9085049425 
044K    $RGeschichtsschreibung $RQuelle $RAnnalen $#Chronology, Historical $#Chroniques $74127914-1 $8Chronik [Ts1] $9085441732 
045F    $a907.20943709031 $eDDC23BSB 
045F/01 $a907.2 
045F/03 $f09031 
045F/03 $g437 
045R    $aGeschichte 1484-1543 
046L    $aTextteile auf Latein 

lok: 52505271 24

exp: 52505271 24 1 #EPN
201B/01 $022-01-25 $t11:29:09.000 
201C/01 $006-01-25 
201U/01 $0utf8 
203@/01 $01287917224 
208@/01 $a16-01-25 $bz 
209A/01 $a24.08560 $du $f050 $h24 08560 $x00 
209C/01 $a24.08560 K $h24 08560 K 
209G/01 $a74850189 $x00 
220C/01 $akoe 
247C/01 $8358050-7 Marburg, Bibliothek des Herder-Instituts Marburg $9102600961
LEADER 00000cam a2200000 c 4500
001 525052712
003 DE-603
005 20250325201333.0
007 tu
008 250106s2024 xx |||| | u00||u|slo c
020 |a 9788082260956 
035 |a (DE-599)HEB525052712 
040 |a DE-603  |b ger  |c DE-603  |d DE-603  |e rda 
041 |a slo 
082 0 4 |8 1\u  |a 907.20943709031  |q DE-101  |2 23/BSB 
085 |8 1\u  |b 907.2 
085 |8 1\u  |z 1  |s 09031 
085 |8 1\u  |z 2  |s 437 
100 1 |a Szerémi, György  |d 1490-1548  |e Verfasser  |4 aut  |0 (DE-603)139497935  |0 (DE-588)104222980  |2 gnd 
245 0 0 |a Zničenie král'ovstva uhorského  |b = Epistola de perdicione regni Hungarorum  |c Juraj Sriemsky ; z latinského originálu preložili Anabela Katreničová, Katarína Karabová 
250 |a Prvé vydanie 
264 1 |a Bratislava  |b Perfekt  |c 2024 
300 |a 654 Seiten 
336 |a Text  |b txt  |2 rdacontent 
337 |a ohne Hilfsmittel zu benutzen  |b n  |2 rdamedia 
338 |a Band  |b nc  |2 rdacarrier 
500 |a Literaturangaben 
546 |a Textteile auf Latein 
600 1 7 |a Szerémi, György  |d 1490-1548  |0 (DE-588)104222980  |0 (DE-603)139497935  |2 gnd 
648 7 |a Geschichte 1484-1543  |2 gnd 
650 7 |a Geschichtsschreibung  |0 (DE-588)4020531-9  |0 (DE-603)085049425  |2 gnd 
650 7 |a Chronik  |0 (DE-588)4127914-1  |0 (DE-603)085441732  |2 gnd 
651 7 |a Ungarn  |0 (DE-588)4078541-5  |0 (DE-603)085222712  |2 gnd 
700 1 |a Katreničová, Anabela  |e Übersetzer  |4 trl  |0 (DE-603)415247551  |0 (DE-588)1137403233  |2 gnd 
700 1 |a Karabová, Katarína  |d 1978-  |e Übersetzer  |4 trl  |0 (DE-603)367730707  |0 (DE-588)1080218076  |2 gnd 
856 4 2 |m V:DE-603;B:DE-Mb50  |q application/pdf  |u http://scans.hebis.de/HEBCGI/show.pl?52505271_toc.pdf  |3 Inhaltsverzeichnis 
924 0 |9 Mb 50  |a (DE-603)1287917224  |b DE-Mb50  |c HES  |d c  |g 24.08560